Normal view
MARC view
Entry Personal Name
001 - CONTROL NUMBER
- control field: 46251
003 - CONTROL NUMBER IDENTIFIER
- control field: ARRUPE
005 - DATE AND TIME OF LATEST TRANSACTION
- control field: 20190503111505.0
008 - FIXED-LENGTH DATA ELEMENTS
- fixed length control field: 190503|| aca||aabn | a|a d
040 ## - CATALOGING SOURCE
- Original cataloging agency: ARRUPE
- Transcribing agency: ARRUPE
100 ## - HEADING--PERSONAL NAME
- Personal name: Draper, Ros
- Relator term: ed.
670 ## - SOURCE DATA FOUND
- Source citation: Work cat.: (ARRUPE): Jones, Elsa 45495, Working with adult survivors of child sexual abuse, 1991.